000 00424nam a2200169 i 4500
001 bg
245 0 _aDevelopments in prestressed concrete 1 /
_ced. by F. Sawko.
260 _aLondon :
_bApplied Science Publ.,
_c1978.
700 1 _aSawko, F.
_eRed.
020 _a0853347905
040 _cBPK
041 _apol
080 _a666.9
920 _a0-85334-790-5
942 _cKS
008 s pl f |000 0 pol
999 _c20436
_d20436
856 _uhttp://koha.tu.koszalin.pl/cgi-bin/koha/opac-detail.pl?biblionumber=20436
_yKatalog online BPK